00197nam a2200085Ia 4500008004100000100001500041245003600056260001000092260000900102180219s9999 xx 000 0 und d aShukla S M 0aPrathimk Shiksha Avam Patyakram aR Lal c2013